[Event "CZE-chT1W 1415"]
[Site "Czech Republic"]
[Date "2015.03.22"]
[Round "10.8"]
[White "Richterova, Natasa"]
[Black "Crha, Ondrej"]
[Result "0-1"]
[WhiteElo "2122"]
[BlackElo "2160"]
[PlyCount "106"]
[EventDate "2014.10.19"]
[EventType "team-tourn"]
[EventRounds "11"]
[EventCountry "CZE"]
[SourceTitle "EXT 2016"]
[Source "ChessBase"]
[SourceDate "2015.10.08"]
[SourceVersion "1"]
[SourceVersionDate "2015.10.08"]
[SourceQuality "1"]
[WhiteTeam "Jicin"]
[BlackTeam "Praha Pankrac"]
[WhiteTeamCountry "CZE"]
[BlackTeamCountry "CZE"]

1. e4 c5 2. Nf3 e6 3. b3 d6 4. Bb5+ Bd7 5. Bxd7+ Nxd7 6. 0-0 Be7 7. c4 Ne5 8. Bb2 Bf6 9. Bc3 Ne7 10. Ne1 N7c6 11. f4 Nd7 12. Nf3 0-0 13. Kh1 Nd4 14. Na3 Nb8 15. Bxd4 Bxd4 16. Nxd4 cxd4 17. Rf3 f5 18. Qe2 Qe7 19. exf5 Rxf5 20. Nb5 Nc6 21. Re1 e5 22. Qe4 Rf7 23. Qd5 Rd8 24. Ref1 Nb4 25. Qe4 a6 26. Na3 Rdf8 27. Nb1 Nxa2 28. d3 Nb4 29. Qe1 Nc2 30. Qe4 Ne3 31. R1f2 Ng4 32. Rf1 Qh4 33. h3 Ne3 34. f5 Qxe4 35. dxe4 Nxf1 36. Rxf1 b5 37. Nd2 Rb8 38. Rf3 Rb6 39. g4 h6 40. h4 Rfb7 41. cxb5 axb5 42. g5 hxg5 43. hxg5 Rc7 44. Kg2 Rc2 45. Rf2 Ra6 46. Nf3 Raa2 47. Rxc2 Rxc2+ 48. Kf1 Rb2 49. Ke1 Rxb3 50. Nd2 Rc3 51. Kd1 Kf7 52. Nb1 Re3 53. Nd2 g6 0-1

[Event "CZE-chT2B 1415"]
[Site "Czech Republic"]
[Date "2015.02.08"]
[Round "7.2"]
[White "Crha, Ondrej"]
[Black "Vagner, Tomas"]
[Result "1-0"]
[WhiteElo "2160"]
[BlackElo "2271"]
[PlyCount "131"]
[EventDate "2014.11.02"]
[EventType "team-tourn"]
[EventRounds "11"]
[EventCountry "CZE"]
[SourceTitle "EXT 2022"]
[Source "ChessBase"]
[SourceDate "2021.10.06"]
[SourceVersion "1"]
[SourceVersionDate "2021.10.06"]
[SourceQuality "1"]
[WhiteTeam "Mlada Boleslav"]
[BlackTeam "Most Chess"]
[WhiteTeamCountry "CZE"]
[BlackTeamCountry "CZE"]

1. e4 c5 2. c3 d5 3. exd5 Qxd5 4. d4 e5 5. Nf3 Bg4 6. Nbd2 exd4 7. Bc4 Qd7 8. cxd4 cxd4 9. 0-0 Nc6 10. Re1+ Be7 11. Qb3 Nh6 12. Bb5 f6 13. Nc4 Nf7 14. Bf4 0-0 15. Rad1 Bc5 16. Na5 Bb6 17. Nc4 Bc5 18. Na5 Rad8 19. Bxc6 bxc6 20. Nb7 Qd5 21. Nxd8 Qxb3 22. axb3 Rxd8 23. Rc1 Bb4 24. Bd2 Bf8 25. Ra1 Bxf3 26. gxf3 Ne5 27. Kg2 Bc5 28. f4 Nd3 29. Re6 Bb4 30. Re2 a5 31. Kf3 Bxd2 32. Rxd2 Nc5 33. Ra3 Kf7 34. Rd1 Ke6 35. Rxa5 Rd5 36. b4 Nb7 37. Ra6 Kd7 38. Rc1 Rd6 39. Ke4 g6 40. Kd3 Nd8 41. b5 cxb5 42. Rxd6+ Kxd6 43. Kxd4 Nc6+ 44. Ke4 f5+ 45. Kd3 Kd5 46. Re1 Nb4+ 47. Kc3 Kc5 48. Re5+ Nd5+ 49. Kd3 b4 50. b3 h5 51. h4 Kd6 52. Kc4 Nxf4 53. Rb5 Nh3 54. f3 Ke6 55. Kd4 Nf4 56. Rb6+ Ke7 57. Rxb4 g5 58. Rb7+ Kf6 59. hxg5+ Kxg5 60. b4 h4 61. Rg7+ Kh6 62. Ra7 h3 63. Ra1 Kg5 64. b5 Ne6+ 65. Ke5 Nc5 66. Rg1+ 1-0

[Event "CZE-chT1W 1415"]
[Site "Czech Republic"]
[Date "2015.02.01"]
[Round "7.7"]
[White "Fric, Pavel"]
[Black "Crha, Ondrej"]
[Result "1/2-1/2"]
[WhiteElo "2038"]
[BlackElo "2160"]
[PlyCount "69"]
[EventDate "2014.10.19"]
[EventType "team-tourn"]
[EventRounds "11"]
[EventCountry "CZE"]
[SourceTitle "EXT 2016"]
[Source "ChessBase"]
[SourceDate "2015.10.08"]
[SourceVersion "1"]
[SourceVersionDate "2015.10.08"]
[SourceQuality "1"]
[WhiteTeam "Karlovy Vary"]
[BlackTeam "Praha Pankrac"]
[WhiteTeamCountry "CZE"]
[BlackTeamCountry "CZE"]

1. d4 d5 2. c4 e6 3. Nc3 Nf6 4. Bg5 Nbd7 5. cxd5 exd5 6. e3 Be7 7. Bd3 0-0 8. Qc2 Re8 9. Nge2 Nf8 10. a3 c6 11. 0-0 Ng6 12. Ng3 Bd6 13. e4 dxe4 14. Ncxe4 Be7 15. Rad1 Bg4 16. f3 Be6 17. Be3 Nd5 18. Bf2 Ndf4 19. Nc5 Bxc5 20. Bxg6 hxg6 21. dxc5 Bd5 22. Ne4 Bxe4 23. fxe4 Qe7 24. Be3 Nd5 25. exd5 Qxe3+ 26. Kh1 cxd5 27. Rxd5 Rad8 28. Rxd8 Rxd8 29. Qc4 Rd7 30. c6 bxc6 31. Qxc6 Qe2 32. Qc1 Rd2 33. Qc8+ Kh7 34. Qh3+ Kg8 35. Qc8+ 1/2-1/2

[Event "CZE-chT2B 1415"]
[Site "Czech Republic"]
[Date "2014.12.14"]
[Round "4.2"]
[White "Voloshin, Leonid"]
[Black "Crha, Ondrej"]
[Result "1-0"]
[WhiteElo "2387"]
[BlackElo "2160"]
[PlyCount "59"]
[EventDate "2014.11.02"]
[EventType "team-tourn"]
[EventRounds "11"]
[EventCountry "CZE"]
[SourceTitle "EXT 2022"]
[Source "ChessBase"]
[SourceDate "2021.10.06"]
[SourceVersion "1"]
[SourceVersionDate "2021.10.06"]
[SourceQuality "1"]
[WhiteTeam "Jicin III"]
[BlackTeam "Mlada Boleslav"]
[WhiteTeamCountry "CZE"]
[BlackTeamCountry "CZE"]

1. e4 c5 2. Nf3 e6 3. d4 cxd4 4. Nxd4 a6 5. Bd3 Nf6 6. 0-0 Qc7 7. Qe2 d6 8. Kh1 Be7 9. f4 Nbd7 10. c4 0-0 11. Nc3 g6 12. Bd2 Re8 13. Rae1 b6 14. e5 Nh5 15. Be4 Bb7 16. exd6 Bxd6 17. Ndb5 axb5 18. Nxb5 Qb8 19. Bxb7 Rxa2 20. Nxd6 Qxd6 21. Bc3 Nc5 22. Be5 Qd3 23. Bf3 f6 24. Bc7 Rc8 25. Bxb6 Nxf4 26. Qf2 Qxc4 27. Bxc5 Nd3 28. Qd4 Rxc5 29. Qd8+ Kg7 30. Be2 1-0

[Event "CZE-chT2B 1415"]
[Site "Czech Republic"]
[Date "2014.11.02"]
[Round "1.2"]
[White "Kotek, Daniel"]
[Black "Crha, Ondrej"]
[Result "1-0"]
[WhiteElo "2270"]
[BlackElo "2160"]
[PlyCount "43"]
[EventDate "2014.11.02"]
[EventType "team-tourn"]
[EventRounds "11"]
[EventCountry "CZE"]
[SourceTitle "EXT 2022"]
[Source "ChessBase"]
[SourceDate "2021.10.06"]
[SourceVersion "1"]
[SourceVersionDate "2021.10.06"]
[SourceQuality "1"]
[WhiteTeam "Usti nad Labem"]
[BlackTeam "Mlada Boleslav"]
[WhiteTeamCountry "CZE"]
[BlackTeamCountry "CZE"]

1. e4 c5 2. Nf3 e6 3. d4 cxd4 4. Nxd4 a6 5. c4 Nf6 6. Nc3 Qc7 7. a3 d6 8. Be3 Nbd7 9. Be2 b6 10. 0-0 Be7 11. b4 Bb7 12. f3 b5 13. Rc1 bxc4 14. Bxc4 Rc8 15. Bxe6 fxe6 16. Nxe6 Qc4 17. Nd5 Qa2 18. Rxc8+ Bxc8 19. Nxg7+ Kf7 20. Nxe7 Kxg7 21. Nf5+ Kg6 22. Qxd6 1-0

[Event "CZE-chT2B 1213"]
[Site "Czech Republic"]
[Date "2013.03.03"]
[Round "10.4"]
[White "Crha, Ondrej"]
[Black "Kuba, Jindrich"]
[Result "1/2-1/2"]
[WhiteElo "2123"]
[BlackElo "2210"]
[PlyCount "110"]
[EventDate "2012.10.14"]
[EventType "team-tourn"]
[EventRounds "11"]
[EventCountry "CZE"]
[SourceTitle "EXT 2015"]
[Source "ChessBase"]
[SourceDate "2014.11.20"]
[SourceVersion "1"]
[SourceVersionDate "2014.11.20"]
[SourceQuality "1"]
[WhiteTeam "Mlada Boleslav"]
[BlackTeam "Postovni sporitelna II"]
[WhiteTeamCountry "CZE"]
[BlackTeamCountry "CZE"]

1. e4 c5 2. c3 d5 3. exd5 Qxd5 4. d4 cxd4 5. cxd4 Nc6 6. Nf3 Bg4 7. Be2 e6 8. 0-0 Nf6 9. Nc3 Qd7 10. Be3 Be7 11. h3 Bh5 12. Ne5 Bxe2 13. Qxe2 Qc8 14. Rac1 0-0 15. Nb5 a6 16. Na7 Rxa7 17. d5 Qb8 18. dxc6 Qxe5 19. f4 Qe4 20. Rc4 Qd5 21. Bxa7 bxc6 22. Bf2 Nh5 23. Rd1 Qf5 24. g4 Qg6 25. f5 Qg5 26. h4 Qf6 27. g5 Qxf5 28. Qxh5 Qe5 29. Qg4 Qxb2 30. Rxc6 Qxa2 31. Qc4 Qa3 32. Qd3 Qa4 33. Rxa6 Qg4+ 34. Kf1 f6 35. g6 hxg6 36. Raa1 Rd8 37. Qb3 Rc8 38. Re1 Rc6 39. Rac1 Ra6 40. Qg3 Qf5 41. Qb3 Kh7 42. Ra1 Bc5 43. Qg3 Bxf2 44. Qxf2 Qh3+ 45. Kg1 Qg4+ 46. Kh2 Rd6 47. Ra3 Qb4 48. Rae3 Rd4 49. Kh3 Rf4 50. Qg3 f5 51. Rb1 Qc4 52. Rc1 Qd4 53. Rxe6 Rg4 54. Qe1 Qf4 55. Rc3 g5 1/2-1/2

[Event "CZE-chT2B 1213"]
[Site "Czech Republic"]
[Date "2013.02.03"]
[Round "8.4"]
[White "Crha, Ondrej"]
[Black "Palas, Ales"]
[Result "1-0"]
[WhiteElo "2123"]
[BlackElo "2020"]
[PlyCount "57"]
[EventDate "2012.10.14"]
[EventType "team-tourn"]
[EventRounds "11"]
[EventCountry "CZE"]
[SourceTitle "EXT 2015"]
[Source "ChessBase"]
[SourceDate "2014.11.20"]
[SourceVersion "1"]
[SourceVersionDate "2014.11.20"]
[SourceQuality "1"]
[WhiteTeam "Mlada Boleslav"]
[BlackTeam "Kralupy nad Vltavou"]
[WhiteTeamCountry "CZE"]
[BlackTeamCountry "CZE"]

1. e4 c5 2. c3 d5 3. exd5 Qxd5 4. d4 Nf6 5. Nf3 e6 6. Bd3 Nc6 7. 0-0 Be7 8. dxc5 Bxc5 9. Bg5 Ng4 10. Qe2 Nge5 11. Nxe5 Qxe5 12. Qg4 0-0 13. Nd2 f5 14. Qc4 Bd6 15. Nf3 Qc5 16. Qxc5 Bxc5 17. Bf4 h6 18. h4 b6 19. Rfe1 Kf7 20. Bb5 Ne7 21. b4 Nd5 22. Be5 Be7 23. Bc6 Ba6 24. b5 Bxb5 25. Bxb5 Rac8 26. c4 Nb4 27. Re2 a6 28. Bd7 Rxc4 29. Bd4 1-0

[Event "CZE-chT2B 1213"]
[Site "Czech Republic"]
[Date "2012.12.02"]
[Round "4.4"]
[White "Crha, Ondrej"]
[Black "Pochinkov, Andrey"]
[Result "1/2-1/2"]
[WhiteElo "2123"]
[BlackElo "2164"]
[PlyCount "99"]
[EventDate "2012.10.14"]
[EventType "team-tourn"]
[EventRounds "11"]
[EventCountry "CZE"]
[SourceTitle "EXT 2015"]
[Source "ChessBase"]
[SourceDate "2014.11.20"]
[SourceVersion "1"]
[SourceVersionDate "2014.11.20"]
[SourceQuality "1"]
[WhiteTeam "Mlada Boleslav"]
[BlackTeam "Jicin II"]
[WhiteTeamCountry "CZE"]
[BlackTeamCountry "CZE"]

1. e4 e6 2. d4 d5 3. Nd2 Nf6 4. e5 Nfd7 5. Bd3 c5 6. c3 Nc6 7. Ne2 cxd4 8. cxd4 f6 9. exf6 Nxf6 10. Nf3 Bd6 11. 0-0 Qc7 12. Bg5 0-0 13. Bh4 Nh5 14. Qc2 h6 15. Bg6 Rxf3 16. gxf3 Bxh2+ 17. Kg2 Nf4+ 18. Nxf4 Bxf4 19. Bg3 Bd7 20. Rad1 Rf8 21. Rh1 Qd8 22. Bh5 Qg5 23. Bg4 Qf6 24. Bxf4 Qxf4 25. Qd2 Qd6 26. Rh3 Rf4 27. Qe3 Nd8 28. Re1 Nf7 29. Rg3 Ng5 30. Qd2 Qf8 31. Re5 Qf6 32. Qe3 Nf7 33. Bxe6 Bxe6 34. Rxe6 Qxd4 35. Re8+ Kh7 36. Qe6 Rf6 37. Qe2 h5 38. Re7 Qf4 39. Rxb7 h4 40. Rg4 h3+ 41. Kh1 Qxf3+ 42. Qxf3 Rxf3 43. Rxa7 Rxf2 44. Rg3 Kh6 45. Rxh3+ Kg5 46. Rg3+ Kf6 47. Ra6+ Kf5 48. Rg2 Rf1+ 49. Kh2 g5 50. Kg3 1/2-1/2

[Event "CZE-chT2B 1213"]
[Site "Czech Republic"]
[Date "2012.11.18"]
[Round "3.4"]
[White "Jandourek, Lukas"]
[Black "Crha, Ondrej"]
[Result "1/2-1/2"]
[WhiteElo "2217"]
[BlackElo "2123"]
[PlyCount "122"]
[EventDate "2012.10.14"]
[EventType "team-tourn"]
[EventRounds "11"]
[EventCountry "CZE"]
[SourceTitle "EXT 2015"]
[Source "ChessBase"]
[SourceDate "2014.11.20"]
[SourceVersion "1"]
[SourceVersionDate "2014.11.20"]
[SourceQuality "1"]
[WhiteTeam "Neratovice"]
[BlackTeam "Mlada Boleslav"]
[WhiteTeamCountry "CZE"]
[BlackTeamCountry "CZE"]

1. d4 d5 2. c4 e6 3. Nc3 Nf6 4. Bg5 Nbd7 5. e3 c6 6. a3 a6 7. Nf3 h6 8. Bh4 Be7 9. cxd5 cxd5 10. Bd3 0-0 11. 0-0 b5 12. Qe2 Bb7 13. Nd2 e5 14. dxe5 Nxe5 15. Rfd1 d4 16. exd4 Qxd4 17. Be4 Nc6 18. Nf3 Qa7 19. Nd5 Nxd5 20. Bxd5 Rfe8 21. Qc2 Bxh4 22. Nxh4 Nd4 23. Rxd4 Qxd4 24. Bxb7 Qxh4 25. Bxa8 Rxa8 26. Qc6 Qd8 27. Rc1 Ra7 28. g3 g6 29. h4 h5 30. b4 Qd4 31. Re1 Qd7 32. Qf6 Ra8 33. Re7 Qd5 34. Kh2 Qa2 35. Rd7 Re8 36. Kg2 Qe6 37. Rd6 Qxf6 38. Rxf6 Ra8 39. Rb6 Ra7 40. Kf3 Kg7 41. Ke4 f6 42. Kf4 Kf7 43. f3 Ra8 44. Rb7+ Ke6 45. Rb6+ Ke7 46. g4 hxg4 47. Kxg4 Kf7 48. f4 a5 49. f5 axb4 50. Rb7+ Kg8 51. axb4 Rd8 52. fxg6 Rd4+ 53. Kg3 Rxb4 54. h5 f5 55. Kh3 Rb1 56. Kh4 Rg1 57. Rxb5 Rg4+ 58. Kh3 Rg5 59. Rb8+ Kg7 60. Rb7+ Kg8 61. Rh7 Rg1 1/2-1/2

[Event "CZE-chT rap"]
[Site "Pardubice"]
[Date "2011.07.15"]
[Round "2"]
[White "Koziak, Vitali"]
[Black "Crha, Ondrej"]
[Result "1-0"]
[WhiteElo "2482"]
[BlackElo "2102"]
[PlyCount "59"]
[EventDate "2011.07.14"]
[EventType "team-swiss"]
[EventRounds "7"]
[EventCountry "CZE"]
[SourceTitle "CBM 143 Extra"]
[Source "ChessBase"]
[SourceDate "2011.08.29"]
[SourceVersion "1"]
[SourceVersionDate "2011.08.29"]
[SourceQuality "1"]

1. d4 d5 2. c4 e6 3. Nc3 Nf6 4. cxd5 exd5 5. Bg5 Be7 6. e3 0-0 7. Qc2 Re8 8. Bd3 Nc6 9. a3 h6 10. Bh4 Na5 11. Nf3 Be6 12. 0-0 c6 13. Ne5 Nd7 14. Bxe7 Qxe7 15. Nxd7 Qxd7 16. Rad1 b6 17. Rfe1 Rac8 18. h3 Red8 19. Qe2 c5 20. Ba6 Rc7 21. e4 c4 22. e5 Bf5 23. f4 Bd3 24. Rxd3 cxd3 25. Bxd3 Nc4 26. f5 Nxa3 27. f6 Nc4 28. Qh5 Nxb2 29. Re3 Nxd3 30. Rg3 1-0

[Event "CZE-chT2C 0910"]
[Site "Czech Republic"]
[Date "2010.02.28"]
[Round "8.8"]
[White "Crha, Ondrej"]
[Black "Kaisler, Martin"]
[Result "1/2-1/2"]
[WhiteElo "2051"]
[BlackElo "2080"]
[PlyCount "70"]
[EventDate "2009.10.18"]
[EventType "team-tourn"]
[EventRounds "11"]
[EventCountry "CZE"]
[SourceTitle "EXT 2011"]
[Source "ChessBase"]
[SourceDate "2010.11.26"]
[SourceVersion "1"]
[SourceVersionDate "2010.11.26"]
[SourceQuality "1"]
[WhiteTeam "Mlada Boleslav"]
[BlackTeam "Lipa"]
[WhiteTeamCountry "CZE"]
[BlackTeamCountry "CZE"]

1. e4 e6 2. d4 d5 3. Nd2 Nf6 4. e5 Nfd7 5. Bd3 c5 6. c3 Nc6 7. Ne2 Qb6 8. Nf3 cxd4 9. cxd4 Bb4+ 10. Bd2 0-0 11. 0-0 f6 12. exf6 Nxf6 13. Bxb4 Nxb4 14. Bb1 Bd7 15. Re1 Qd6 16. Ne5 Be8 17. Nf4 Nc6 18. g3 Nd8 19. Nf3 h6 20. Ne5 g5 21. Nfd3 Rc8 22. Ng4 Nxg4 23. Qxg4 Rc7 24. Ne5 Qb6 25. b3 Qb4 26. Bd3 Rf6 27. Rec1 Rxc1+ 28. Rxc1 Qd2 29. Rc2 Qe1+ 30. Kg2 Nc6 31. Nxc6 Bxc6 32. h4 Kf7 33. hxg5 hxg5 34. Qh5+ Ke7 35. Re2 Qc3 1/2-1/2

[Event "CZE-chT2C 0910"]
[Site "Czech Republic"]
[Date "2010.02.14"]
[Round "7.8"]
[White "Crha, Ondrej"]
[Black "Jaeger, Ludek"]
[Result "1/2-1/2"]
[WhiteElo "2051"]
[BlackElo "2047"]
[PlyCount "70"]
[EventDate "2009.10.18"]
[EventType "team-tourn"]
[EventRounds "11"]
[EventCountry "CZE"]
[SourceTitle "EXT 2011"]
[Source "ChessBase"]
[SourceDate "2010.11.26"]
[SourceVersion "1"]
[SourceVersionDate "2010.11.26"]
[SourceQuality "1"]
[WhiteTeam "Mlada Boleslav"]
[BlackTeam "Hradec Kralove II"]
[WhiteTeamCountry "CZE"]
[BlackTeamCountry "CZE"]

1. e4 c5 2. Nf3 d6 3. d4 cxd4 4. Nxd4 Nf6 5. Bd3 e5 6. Nf3 Nc6 7. 0-0 Bg4 8. h3 Bh5 9. c4 Qd7 10. Be3 Be7 11. Nc3 0-0 12. a3 Rfd8 13. b4 Bf8 14. Be2 Ne7 15. Rc1 Bg6 16. Nd2 Ne8 17. f3 f5 18. exf5 Nxf5 19. Bf2 Nc7 20. g4 Ne7 21. Nde4 Ne6 22. Be3 Nc6 23. Bd3 Be7 24. Nd5 Rf8 25. Ng3 Bxd3 26. Nxe7+ Qxe7 27. Qxd3 Ncd4 28. Ne2 Nxf3+ 29. Kg2 Nh4+ 30. Kg3 Ng6 31. Rxf8+ Rxf8 32. Bxa7 Qh4+ 33. Kh2 Ngf4 34. Nxf4 Nxf4 35. Qe3 Ne6 1/2-1/2